Lazio all-time top scorers - Statistics

General Stats
  • This quiz has been taken 44 times
  • The average score is 4 of 10
Answer Stats
Goals Nationality Player % Correct
190 Italy Ciro Immobile
100%
159 Italy Silvio Piola
62%
127 Italy Giuseppe Signori
59%
122 Italy Giorgio Chinaglia
51%
105 Italy Tommaso Rocchi
44%
108 Italy Bruno Giordano
36%
64 Italy Renzo Garlaschelli
13%
78 Italy Aldo Puccinelli
10%
65 Italy Dante Filippi
3%
73 Italy Fulvio Bernardini
3%
No matching quizzes found
Score Distribution
Percent of People with Each Score
Percentile by Number Answered
Your Score History
You have not taken this quiz